[Event "Bymesterskapet i Tromsø 2024"]
[Site "Tromsø Sjakklubb"]
[Date "2024.02.19"]
[Round "6"]
[White "Gulljord, Birk"]
[Black "Rostad, Birk Sæther"]
[Result "0-1"]
[WhiteElo "1702"]
[BlackElo "1923"]
[PlyCount "80"]
[EventDate "2024.??.??"]

1. d4 d5 2. c4 c6 3. Nf3 Nf6 4. Qc2 e6 5. g3 dxc4 6. Qxc4 b5 7. Qd3 Bb7 8. Bg2
Nbd7 9. Nc3 a6 10. O-O c5 11. Rd1 c4 12. Qc2 Be7 13. a3 O-O 14. e4 Qb6 15. h4
a5 16. e5 Nd5 17. Ng5 Bxg5 18. hxg5 Rfc8 19. Ne4 b4 20. Nd6 b3 21. Qe2 Rc7 22.
Be4 Nf8 23. Nxc4 Qb5 24. Bd3 Qc6 25. f3 Ba6 26. Nd6 Bxd3 27. Rxd3 a4 28. Kf2
Qb6 29. Kf1 Raa7 30. f4 Rc2 31. Qh5 Qa6 32. Qf3 Rac7 33. Ke1 Rxc1+ 34. Rxc1
Rxc1+ 35. Rd1 Qa5+ 36. Ke2 Rc2+ 37. Kf1 Rxb2 38. Qh5 Ne3+ 39. Kg1 g6 40. Qh6
Nxd1 0-1

[Event "Bymesterskapet i Tromsø 2024"]
[Site "Tromsø Sjakklubb"]
[Date "2024.02.18"]
[Round "6"]
[White "Remman, Frank"]
[Black "Hegelund, Ole Jakob"]
[Result "1-0"]
[WhiteElo "1790"]
[BlackElo "1739"]
[PlyCount "125"]
[EventDate "2024.??.??"]

1. d4 d5 2. c4 c6 3. Nf3 Nf6 4. g3 e6 5. Bg2 Nbd7 6. Qc2 Be7 7. O-O O-O 8. b3
b6 9. Bb2 Bb7 10. Nc3 Rc8 11. e4 dxe4 12. Nxe4 c5 13. Nfg5 Qc7 14. Nxf6+ Nxf6
15. dxc5 h6 16. cxb6 axb6 17. Bxf6 hxg5 18. Bxe7 Qxe7 19. Bxb7 Qxb7 20. Qd2 Qe7
21. Qe3 Rc5 22. Rfd1 Rd8 23. Rd2 Rxd2 24. Qxd2 Qf6 25. Rd1 Qf3 26. Qd8+ Kh7 27.
Qd3+ Qxd3 28. Rxd3 Kg6 29. a4 Rc6 30. g4 Kf6 31. Rd7 e5 32. Kf1 Ke6 33. Rd5 g6
34. Ke2 f5 35. h3 Rc8 36. Rb5 Rc6 37. Kd3 e4+ 38. Kd4 Rd6+ 39. Rd5 Rc6 40. b4
Rc8 41. Rb5 Rd8+ 42. Ke3 Rd3+ 43. Ke2 Rd6 44. f3 exf3+ 45. Kxf3 Rd3+ 46. Ke2
Rxh3 47. Rxb6+ Ke5 48. a5 f4 49. a6 Kd4 50. b5 Rh2+ 51. Kf3 Kxc4 52. a7 Rh3+
53. Kg2 Rg3+ 54. Kf2 Kc5 55. Ra6 Rb3 56. a8=Q Rb2+ 57. Ke1 Rb1+ 58. Kd2 f3 59.
Qc6+ Kb4 60. Qc3+ Kxb5 61. Qc6+ Kb4 62. Rb6+ Ka3 63. Qa8# 1-0

[Event "Bymesterskapet i Tromsø 2024"]
[Site "Tromsø Sjakklubb"]
[Date "2024.02.18"]
[Round "6"]
[White "Høifødt, Jakob Sælen"]
[Black "Mikalsen, Bengt Arne"]
[Result "1/2-1/2"]
[WhiteElo "1366"]
[BlackElo "1753"]
[PlyCount "72"]
[EventDate "2024.??.??"]

1. d4 d5 2. Bf4 Nf6 3. Nf3 e6 4. e3 Be7 5. Nbd2 O-O 6. c4 c5 7. Be2 Nc6 8. dxc5
Bxc5 9. cxd5 Nxd5 10. Bg5 f6 11. Bh4 Qe7 12. O-O Kh8 13. Qb3 Nb6 14. Ne4 Nd5
15. Nxc5 Qxc5 16. Rac1 Qa5 17. Rfd1 Nde7 18. Nd4 Nxd4 19. Rxd4 e5 20. Qa4 Qxa4
21. Rxa4 Nf5 22. Bg3 Nxg3 23. hxg3 Bd7 24. Rac4 Rac8 25. Rc7 Bc6 26. Rxc8 Rxc8
27. Bb5 Kg8 28. Bxc6 Rxc6 29. Rxc6 bxc6 30. e4 Kf7 31. Kf1 Ke6 32. Ke2 Kd6 33.
Kd3 Kc5 34. Kc3 h5 35. f3 Kb5 36. Kb3 a6 1/2-1/2